000 00658nam a2200241Ia 4500
003 OSt
005 20220918215910.0
006 a|||||r|||| 00| 0
007 ta
008 220917b |||||||| |||| 00| 0 eng d
024 _a143,270
037 _cTextual
040 _aARTS
_cARTS
_beng
041 _2eng
_aeng
082 _aY15:6..N8<-K40, M4
100 _aCliff Tony
_996635
245 0 _aClass struggle and women's liberation 1640 to the present day
260 _aLondon
_bBook Marks
_c1984
300 _a271p.
_ccm.
650 _aSOCIOLOGY
942 _hY15:6..N8<-K40, M4
_cTEXL
_2CC
999 _c266223
_d266223